Historia de la cerámica de Talavera de la Reina y algunos datos sobre la de Puente del Arzobispo (Record no. 2260)

MARC details
000 -CABECERA
campo de control de longitud fija 00806nam a2200229 a 4500
001 - NÚMERO DE CONTROL
campo de control BRCA_2519
005 - FECHA Y HORA DE LA ÚLTIMA TRANSACCIÓN
campo de control 20190320203840.0
008 - DATOS DE LONGITUD FIJA--INFORMACIÓN GENERAL
campo de control de longitud fija 251108s1943----sp-a---###---#000-0#spa-u
050 #4 - SIGNATURA TOPOGRÁFICA DE LA BIBLIOTECA DEL CONGRESO
Número de clasificación NK4340.T3
Número de documento/Ítem .V33 1943
100 1# - ENTRADA PRINCIPAL--NOMBRE DE PERSONA
Nombre de persona Vaca González, Diódoro
Fechas asociadas al nombre 1876-1928
9 (RLIN) 7238
245 10 - MENCIÓN DE TÍTULO
Título Historia de la cerámica de Talavera de la Reina y algunos datos sobre la de Puente del Arzobispo
Mención de responsabilidad, etc. por Diódoro Vaca González y Juan Ruíz de Luna Rojas.
260 ## - PUBLICACIÓN, DISTRIBUCIÓN, ETC.
Lugar de publicación, distribución, etc. Madrid
Nombre del editor, distribuidor, etc. Editorial Nacional
Fecha de publicación, distribución, etc. 1943
300 ## - DESCRIPCIÓN FÍSICA
Extensión 328 p.
Otras características físicas il.
Dimensiones 26 cm.
500 ## - NOTA GENERAL
Nota general A9
650 14 - PUNTO DE ACCESO ADICIONAL DE MATERIA--TÉRMINO DE MATERIA
Término de materia o nombre geográfico como elemento de entrada Talavera, Cerámica de.
9 (RLIN) 7239
650 14 - PUNTO DE ACCESO ADICIONAL DE MATERIA--TÉRMINO DE MATERIA
Término de materia o nombre geográfico como elemento de entrada Cerámica
Subdivisión geográfica España
9 (RLIN) 7240
650 14 - PUNTO DE ACCESO ADICIONAL DE MATERIA--TÉRMINO DE MATERIA
Término de materia o nombre geográfico como elemento de entrada Cerámica
Subdivisión general Historia
9 (RLIN) 1463
650 14 - PUNTO DE ACCESO ADICIONAL DE MATERIA--TÉRMINO DE MATERIA
Término de materia o nombre geográfico como elemento de entrada Puente del Arzobispo
Subdivisión geográfica España
9 (RLIN) 7241
700 1# - PUNTO DE ACCESO ADICIONAL--NOMBRE DE PERSONA
Nombre de persona Ruíz de Luna Rojas, Juan
Término indicativo de función/relación coaut
9 (RLIN) 7242
902 ## - CATALOGADOR
Iniciales GFM
942 ## - ELEMENTOS DE PUNTO DE ACCESO ADICIONAL (KOHA)
Fuente del sistema de clasificación o colocación Library of Congress Classification
Tipo de ítem Koha Libros
Holdings
Estado de retiro Estado de pérdida Estado dañado No para préstamo Localización permanente Ubicación/localización actual Fecha de adquisición Número de inventario Total de préstamos Signatura topográfica completa Código de barras Fecha visto por última vez Precio válido a partir de Tipo de ítem Koha
El ejemplar forma parte de la colección y puede ser consultado según las políticas vigentes.       Biblioteca del Museo Franz Mayer (Rogerio Casas-Alatriste) Biblioteca del Museo Franz Mayer (Rogerio Casas-Alatriste) 25/11/2008 A9   NK4340.T3 .V33 1943 (A9) 2516 22/03/2019 22/03/2019 Libros